ATP Year-End 2024 - Statistics

General Stats
  • This quiz has been taken 9 times
  • The average score is 58 of 100
Answer Stats
Rank Answer % Correct
2 (GER) Alexander Zverev
100%
9 (AUS) Alex de Minaur
100%
8 (RUS) Andrey Rublev
100%
21 (USA) Ben Shelton
100%
3 (ESP) Carlos Alcaraz
100%
6 (NOR) Casper Ruud
100%
5 (RUS) Daniil Medvedev
100%
18 (USA) Frances Tiafoe
100%
10 (BUL) Grigor Dimitrov
100%
13 (DEN) Holger Rune
100%
15 (UK) Jack Draper
100%
1 (ITA) Jannik Sinner
100%
28 (CZE) Jiri Lehecka
100%
19 (RUS) Karen Khachanov
100%
17 (ITA) Lorenzo Musetti
100%
7 (SER) Novak Djokovic
100%
11 (GRE) Stefanos Tsitsipas
100%
4 (USA) Taylor Fritz
100%
12 (USA) Tommy Paul
100%
61 (ESP) Alejandro Davidovich Fokina
88%
23 (CHI) Alejandro Tabilo
88%
33 (KAZ) Alexander Bublik
88%
20 (FRA) Arthur Fils
88%
29 (CAN) Felix Auger-Aliassime
88%
32 (ITA) Flavio Cobolli
88%
30 (ARG) Francisco Cerundolo
88%
16 (POL) Hubert Hurkacz
88%
35 (CHI) Nicolas Jarry
88%
14 (FRA) Ugo Humbert
88%
48 (CZE) Jakub Mensik
75%
34 (ITA) Matteo Berrettini
75%
36 (POR) Nuno Borges
75%
27 (ARG) Sebastian Baez
75%
40 (NED) Tallon Griekspoor
75%
66 (FRA) Adrian Mannarino
63%
24 (AUS) Alexei Popyrin
63%
38 (USA) Brandon Nakashima
63%
56 (CAN) Denis Shapovalov
63%
87 (CAN) Gabriel Diallo
63%
31 (FRA) Giovanni Mpetshi Perricard
63%
62 (ESP) Jaume Munar
63%
53 (ITA) Lorenzo Sonego
63%
44 (ITA) Luciano Darderi
63%
54 (SER) Miomir Kecmanovic
63%
22 (USA) Sebastian Korda
63%
98 (IND) Sumit Nagal
63%
25 (CZE) Tomas Machac
63%
69 (JAP) Yoshihito Nishioka
63%
71 (BEL) Zizou Bergs
63%
78 (KAZ) Alexander Shevchenko
50%
59 (FRA) Arthur Rinderknech
50%
49 (UK) Cameron Norrie
50%
97 (ARG) Camilo Ugo Carabelli
50%
70 (FRA) Corentin Moutet
50%
58 (HUN) Fabian Marozsan
50%
55 (FRA) Gael Monfils
50%
26 (AUS) Jordan Thompson
50%
92 (ITA) Luca Nardi
50%
73 (AUS) Rinky Hijikata
50%
74 (BRA) Thiago Seyboth Wild
50%
39 (ARG) Tomas Martin Etcheverry
50%
96 (GER) Yannick Hanfmann
50%
67 (FRA) Alexandre Muller
38%
63 (FRA) Arthur Cazaux
38%
90 (CRO) Borna Coric
38%
64 (AUS) Christopher O'Connell
38%
83 (BOS) Damir Dzumhur
38%
52 (BEL) David Goffin
38%
95 (FIN) Emil Ruusuvuori
38%
91 (ITA) Fabio Fognini
38%
42 (GER) Jan-Lennard Struff
38%
46 (USA) Marcos Giron
38%
72 (FRA) Quentin Halys
38%
51 (ESP) Roberto Bautista Agut
38%
57 (ESP) Roberto Carballes Baena
38%
84 (JAP) Taro Daniel
38%
77 (AUS) Thanasi Kokkinakis
38%
45 (CHN) Zhang Zhizhen
38%
93 (AUS) Adam Walton
25%
41 (USA) Alex Michelsen
25%
75 (FRA) Benjamin Bonzi
25%
65 (CHN) Bu Yunchaokete
25%
89 (GER) Daniel Altmaier
25%
79 (ARG) Facundo Diaz Acosta
25%
85 (ARG) Francisco Comesana
25%
76 (FRA) Hugo Gaston
25%
82 (AUS) James Duckworth
25%
47 (ARG) Mariano Navone
25%
37 (ITA) Matteo Arnaldi
25%
86 (RUS) Pavel Kotov
25%
88 (AUT) Sebastian Ofner
25%
50 (CHN) Shang Juncheng
25%
68 (AUS) Aleksandar Vukic
13%
80 (NED) Botic Van de Zandschulp
13%
81 (SER) Dusan Lajovic
13%
100 (ARG) Federico Coria
13%
94 (FIN) Otto Virtanen
13%
43 (ESP) Pedro Portero
13%
60 (RUS) Roman Safiullin
13%
99 (UK) Jacob Fearnley
0%
No matching quizzes found
Score Distribution
Percent of People with Each Score
Percentile by Number Answered
Your Score History
You have not taken this quiz